| 000 | 00622nam a22001937a 4500 | ||
|---|---|---|---|
| 999 |
_c169864 _d169864 |
||
| 005 | 20191206114326.0 | ||
| 010 | _aA-842658 | ||
| 020 |
_cN.A. _a- |
||
| 035 | _aA-842658 | ||
| 037 | _bBPPD | ||
| 082 | _a239.1 | ||
| 100 | _aر ا د ھا سو ا می سہگل | ||
| 245 |
_aر و حا نی تعليم _cر ا د ھا سو ا می سہگل |
||
| 246 |
_aRuhani Taleem _bby Radha Sawami Sehgal |
||
| 260 |
_aPunjab _c1993 ء _bSewa Singh |
||
| 270 |
_aRadha Sawami Sewa Sangh Dera Baba Jaimal Singh,Distt.Amritsar _bPunjab _k- _e- |
||
| 300 |
_a272ص _c22 cm(hb) |
||
| 942 |
_2ddc _cUR _h239.1 _mس ہ گ |
||